000 00525nam a2200205Ia 4500
003 0100
008 130303s9999 xx 000 0 und d
040 _cARRUPELIB
050 _aLB1051.B4735
100 _aBorger, R ; Seaborne, A.E.M.
245 4 _aThe Psychology of learning
260 _aMiddlesex
260 _bPenguin books
260 _C1966
300 _a248p.
300 _b 18cm
650 _bPsychology-research-methodology
650 _cPsychology, experimental-research-methodology
942 _2lcc
_03
999 _c66675
_d66675